Changanpuzha Krithikal: Vol-1 (Record no. 110843)

MARC details
000 -LEADER
fixed length control field 00416nam a2200133Ia 4500
008 - FIXED-LENGTH DATA ELEMENTS--GENERAL INFORMATION
fixed length control field 211119s9999||||xx |||||||||||||| ||und||
082 ## - DEWEY DECIMAL CLASSIFICATION NUMBER
Classification number 894.812 1
Item number CHA-C
100 ## - MAIN ENTRY--PERSONAL NAME
Personal name Krishna Pilli, Changampuzha
245 #0 - TITLE STATEMENT
Title Changanpuzha Krithikal: Vol-1
260 ## - PUBLICATION, DISTRIBUTION, ETC.
Name of publisher, distributor, etc. National Bookstall
Place of publication, distribution, etc. Kottayam
Date of publication, distribution, etc. 1974
300 ## - PHYSICAL DESCRIPTION
Extent 718p.
650 ## - SUBJECT ADDED ENTRY--TOPICAL TERM
Topical term or geographic name entry element Malayalam Literature
942 ## - ADDED ENTRY ELEMENTS (KOHA)
Koha item type BOOK
650 ## - SUBJECT ADDED ENTRY--TOPICAL TERM
Form subdivision Malayalam PoetryGeneralia
General subdivision Post Graduate Reference
Holdings
Withdrawn status Lost status Source of classification or shelving scheme Damaged status Not for loan Home library Current library Date acquired Cost, normal purchase price Total Checkouts Full call number Barcode Shelving location Date due Date last seen Date last checked out Price effective from Koha item type
    Dewey Decimal Classification     SB LIBRARY SB LIBRARY 19/11/2021 100.00 1 894.8121 CHA-C 00124284 POST GRADUATE REFERENCE 08/05/2024 24/04/2024 24/04/2024 19/11/2021 BOOK

Powered by Koha